| Tag |
First Indicator |
Second Indicator |
Subfields |
| LEADER |
00000cam a2200000 a 4500 |
| 001 |
in00000548024 |
| 005 |
20151014052242.0 |
| 008 |
840222s1984 pau b 001 0 eng |
| 010 |
|
|
|a 84000221
|
| 020 |
|
|
|a 0877223572
|
| 020 |
|
|
|a 9780877223573
|
| 020 |
|
|
|a 0877224005
|
| 020 |
|
|
|a 9780877224006
|
| 035 |
|
|
|a (OCoLC)ocm10507340
|
| 035 |
|
|
|9 ACJ8182AM
|
| 040 |
|
|
|a DLC
|c DLC
|d TXA
|d UtOrBLW
|
| 049 |
|
|
|a TXAM
|
| 050 |
0 |
0 |
|a HD38.4
|b .F47 1984
|
| 082 |
0 |
0 |
|a 303.3/5/088042
|2 19
|
| 100 |
1 |
|
|a Ferguson, Kathy E.
|
| 245 |
1 |
4 |
|a The feminist case against bureaucracy /
|c Kathy E. Ferguson.
|
| 264 |
|
1 |
|a Philadelphia :
|b Temple University Press,
|c 1984.
|
| 300 |
|
|
|a xviii, 286 pages ;
|c 22 cm.
|
| 336 |
|
|
|a text
|b txt
|2 rdacontent
|
| 337 |
|
|
|a unmediated
|b n
|2 rdamedia
|
| 338 |
|
|
|a volume
|b nc
|2 rdacarrier
|
| 490 |
1 |
|
|a Women in the political economy
|
| 504 |
|
|
|a Includes bibliographical references (pages [259]-277) and index.
|
| 650 |
|
0 |
|a Bureaucracy.
|
| 650 |
|
0 |
|a Feminism.
|
| 830 |
|
0 |
|a Women in the political economy.
|
| 994 |
|
|
|a C0
|b TXA
|
| 999 |
|
|
|a MARS
|
| 999 |
f |
f |
|s 14d5a9e7-ccc5-3567-ab81-7a38271da148
|i 0123dc79-b2c1-31fc-adda-af3e09112730
|t 0
|
| 952 |
f |
f |
|p normal
|a Texas A&M University
|b College Station
|c Sterling C. Evans Library
|d Evans: Library Stacks
|t 0
|e HD38.4 .F47 1984
|h Library of Congress classification
|i unmediated -- volume
|m A14839515681
|
| 998 |
f |
f |
|a HD38.4 .F47 1984
|t 0
|l Evans: Library Stacks
|